| 000 | 01773nam a2200313 a 4500 | ||
|---|---|---|---|
| 001 | |||
| 003 | DO-SdBNP | ||
| 005 | 20250401135254.0 | ||
| 007 | ta | ||
| 008 | 090509s2012 drdr aoc gr 000 1 edspa d | ||
| 020 | _a9788845489385 | ||
| 020 | _a | ||
| 040 |
_aDO-SdBNP _bspa _cBNPHU |
||
| 082 | 4 |
_a324.27293 _bJ96h _222 |
|
| 100 | 1 |
_aJusto Duarte, Amaury, _d1942- _98575 |
|
| 245 | 1 | 0 |
_aHistoria política dominicana contemporánea 1965-2012 / _cAmaury Justo Duarte. |
| 250 | _a | ||
| 260 |
_aSanto Domingo : _bSantuario, _c2012 |
||
| 300 |
_a745 p. ; _bil., fotogr., retr. ; _c23 cm. |
||
| 500 | _aIncluye referencias biográficas del autor en la solapa de la cubierta | ||
| 504 | _aIncluye bibliografía y notas al pie de las páginas | ||
| 505 | 0 |
_tIntroducción general -- _t El gobierno provisional / Hector García Goddoy, septiembre 1965- 1966 _tLos doce años de Balaguer (1966-1978) -- _tLa consolidación del neo-trujllismo (1970-1974) -- _tEl final de los 12 años (1974-1978) -- _tLos gobiernos del PRD (1978-1986) -- _gLa administración de Jorge Blanco (1982-1986) -- _tLa nueva administración reformista (1986-1990) -- _t Luchas políticas (1990-1994). Las reformas constitucionales, El ocaso del balaguerismo y el ascenso del PLD -- _tPLD La primera experiencia del poder (1996-2000) -- _tLa administración perredista (2000-2004) -- _tEl regreso del PLD al poder (2004-2008) -- _g La reelección de Leonel Fernández (2008-2012) -- _t Documentos históricos. |
|
| 590 | _aInventariado, 2020/VM | ||
| 650 | 4 |
_aPartidos políticos _zRepública Dominicana _y1844-2004 _92583 |
|
| 651 | 4 |
_aRepública Dominicana _xPolítica y Gobierno _y1844-2004 _92584 |
|
| 651 | 4 |
_aRepública Dominicana _xHistoria _y1844-2004 _92585 |
|
| 910 | _aVMateo | ||
| 942 |
_2ddc _cLBS1 |
||
| 999 |
_c49255 _d49255 |
||